বাংলাদেশের কারাব্যবস্থা: (Record no. 18562)

MARC details
000 -LEADER
fixed length control field 01162nam a22002297a 4500
003 - CONTROL NUMBER IDENTIFIER
control field BDDh-ASL
005 - DATE AND TIME OF LATEST TRANSACTION
control field 20231015025720.0
008 - FIXED-LENGTH DATA ELEMENTS--GENERAL INFORMATION
fixed length control field 201014s2001 b ||||| |||| 00| 0 b d
040 ## - CATALOGING SOURCE
Original cataloging agency BDDh-ASL
Transcribing agency BDDh-ASL
041 ## - LANGUAGE CODE
Language code of text/sound track or separate title ben
082 ## - DEWEY DECIMAL CLASSIFICATION NUMBER
Classification number 365.5492
Item number ALB
100 1# - MAIN ENTRY--PERSONAL NAME
9 (RLIN) 1381
Personal name আলী, মোঃ খোসবর
245 10 - TITLE STATEMENT
Title বাংলাদেশের কারাব্যবস্থা:
Remainder of title একটি তথ্যনিষ্ঠ বিশ্লেষণ/
Statement of responsibility, etc. by মোঃ খোসবর আলী।
246 ## - VARYING FORM OF TITLE
Title proper/short title Prison System in Bangladesh: An analysis of Reality
260 ## - PUBLICATION, DISTRIBUTION, ETC.
Place of publication, distribution, etc. রাজশাহী:
Name of publisher, distributor, etc. স্বাগতম অফসেট প্রসেস এন্ড প্রিন্টিং,
Date of publication, distribution, etc. 2001.
300 ## - PHYSICAL DESCRIPTION
Extent ২২২ পৃ. :
Dimensions ২৩ সে. মি.
504 ## - BIBLIOGRAPHY, ETC. NOTE
Bibliography, etc. note গ্রন্থপঞ্জি ও নির্ঘন্ট সংযুক্ত।
650 #0 - SUBJECT ADDED ENTRY--TOPICAL TERM
9 (RLIN) 1382
Topical term or geographic name entry element কারাব্যবস্থা
Geographic subdivision বাংলাদেশ
651 #0 - SUBJECT ADDED ENTRY--GEOGRAPHIC NAME
9 (RLIN) 615
Geographic name বাংলাদেশ
General subdivision জেলখানা
700 ## - ADDED ENTRY--PERSONAL NAME
9 (RLIN) 1383
Personal name সিদ্দিকী, মোঃ আব্দুর রহমান
Titles and other words associated with a name ডঃ
942 ## - ADDED ENTRY ELEMENTS (KOHA)
Source of classification or shelving scheme Dewey Decimal Classification
Koha item type Books
Holdings
Withdrawn status Lost status Source of classification or shelving scheme Damaged status Not for loan Collection code Home library Current library Shelving location Date acquired Source of acquisition Total Checkouts Full call number Barcode Date last seen Copy number Price effective from Koha item type
    Dewey Decimal Classification     Non-fiction Asiatic Society Library Asiatic Society Library General Stacks 10/14/2020 Complementary   365.5492 ALB 101763 10/14/2020 C-1 10/14/2020 Books
    Dewey Decimal Classification     Non-fiction Asiatic Society Library Asiatic Society Library General Stacks 10/14/2020 Complementary   365.5492 ALB 101764 10/14/2020 C-2 10/14/2020 Books

Powered by Koha